Les Turcs juges par leur histoire : une reponse a Damad Ferid pacha
Αποθηκεύτηκε σε:
| Κύριος συγγραφέας: | |
|---|---|
| Μορφή: | Βιβλίο |
| Γλώσσα: | French |
| Δημοσίευση: |
Paris :
P. Thevoz,
1920.
|
| Θέματα: | |
| Ετικέτες: |
Προσθήκη ετικέτας
Δεν υπάρχουν, Καταχωρήστε ετικέτα πρώτοι!
|
MARC
| LEADER | 00000cam a2200000 i 4500 | ||
|---|---|---|---|
| 001 | 1/106021 | ||
| 008 | 950627s1920####fr ||| | fre|| | ||
| 035 | |l 10013891 | ||
| 040 | |a GR-MY-UA |b gre |e aacr | ||
| 041 | 0 | |a fre | |
| 082 | 0 | |a 956.1015 | |
| 100 | 1 | |a Moschopoulos, Nikephoros. | |
| 245 | 1 | 4 | |a Les Turcs juges par leur histoire : |b une reponse a Damad Ferid pacha / |c N. Moschopoulos. |
| 260 | |a Paris : |b P. Thevoz, |c 1920. | ||
| 300 | |a 94 σ. | ||
| 500 | |a Βρίσκεται σε ειδικό ράφι. Διαθέσιμο μόνο για ανάγνωση εάν ζητηθεί. | ||
| 651 | 0 | |a Turkey |x History |y Ottoman Empire, 1288-1918. | |
| 651 | 0 | |a Turkey |x History. | |
| 852 | |a INST |b LESVOS |e 19950627 |h 956.1015 MOS |p 005100008444 |q 005100008444 |t BK |y 0 | ||
| 909 | |a Λ |b 039989 | ||
| 970 | |z 2000/05/ΟΙΚΟΝΟΜΟΠΟΥΛΟΥ ΧΡΙΣΤΙΝΑ | ||